<?xml version="1.0" encoding="UTF-8"?><?xml-stylesheet type="text/xsl" href="static/style.xsl"?><OAI-PMH xmlns="http://www.openarchives.org/OAI/2.0/" xmlns:xsi="http://www.w3.org/2001/XMLSchema-instance" xsi:schemaLocation="http://www.openarchives.org/OAI/2.0/ http://www.openarchives.org/OAI/2.0/OAI-PMH.xsd"><responseDate>2026-04-13T00:49:07Z</responseDate><request verb="GetRecord" identifier="oai:www.recercat.cat:2117/416819" metadataPrefix="marc">https://recercat.cat/oai/request</request><GetRecord><record><header><identifier>oai:recercat.cat:2117/416819</identifier><datestamp>2026-01-16T09:28:40Z</datestamp><setSpec>com_2072_1033</setSpec><setSpec>col_2072_452950</setSpec></header><metadata><record xmlns="http://www.loc.gov/MARC21/slim" xmlns:dcterms="http://purl.org/dc/terms/" xmlns:xsi="http://www.w3.org/2001/XMLSchema-instance" xmlns:doc="http://www.lyncode.com/xoai" xsi:schemaLocation="http://www.loc.gov/MARC21/slim http://www.loc.gov/standards/marcxml/schema/MARC21slim.xsd">
   <leader>00925njm 22002777a 4500</leader>
   <datafield ind2=" " ind1=" " tag="042">
      <subfield code="a">dc</subfield>
   </datafield>
   <datafield ind2=" " ind1=" " tag="720">
      <subfield code="a">Khan, Shah Zahid</subfield>
      <subfield code="e">author</subfield>
   </datafield>
   <datafield ind2=" " ind1=" " tag="720">
      <subfield code="a">Abbas, Yasir</subfield>
      <subfield code="e">author</subfield>
   </datafield>
   <datafield ind2=" " ind1=" " tag="720">
      <subfield code="a">Jallad, Abdul-Halim</subfield>
      <subfield code="e">author</subfield>
   </datafield>
   <datafield ind2=" " ind1=" " tag="720">
      <subfield code="a">Edwar, Edwar</subfield>
      <subfield code="e">author</subfield>
   </datafield>
   <datafield ind2=" " ind1=" " tag="720">
      <subfield code="a">Camps Carmona, Adriano José</subfield>
      <subfield code="e">author</subfield>
   </datafield>
   <datafield ind2=" " ind1=" " tag="260">
      <subfield code="c">2024</subfield>
   </datafield>
   <datafield ind2=" " ind1=" " tag="520">
      <subfield code="a">Earth Observation (EO) using Signals of Opportunity (SoOp), the advent of high-performance and customizable Software Defined Radios (SDRs), and small satellites are revolutionizing today many Remote Sensing techniques. One of the most widely used SoOp are the Global Navigation Satellite System signals used for Radio Occultations (GNSS-RO) and Reflectometry (GNSS-R). In this last one, the reflected GNSS signals acquire properties of the surface where they are reflected, and when these signals are compared to the direct ones, one can infer surface roughness and dielectric constant information. Nowadays SDR-based GNSS-R instruments are becoming more cost-effective, power-efficient, and small enough to be adopted as CubeSats payloads. In GNSS-R receivers, all the information resides in the so-called Delay Doppler Map (DDM), which is the cross-correlation between the reflected signal and the direct one (interferometric GNSS-R or iGNSS-R), or a locally generated replica of the direct one (conventional GNSS-R or cGNSS-R) for different delays and Doppler frequency cuts. Producing these DDMs is computationally intensive due to the large number of Fast Fourier Transforms (FFTs) involved. To develop an efficient GNSS-R instrument, this work presents the development of such an instrument— the first of its kind in the United Arab Emirates (UAE)— and introduces its first operational version. Also, it explores the capture of raw GPS L1 signal, and its processing, having as auxiliary or reference information of the PRN codes of the satellites in view, and their central Doppler frequencies. The coherent and incoherent integration times will also be traded off to enhance the spatial resolution.</subfield>
   </datafield>
   <datafield ind2=" " ind1=" " tag="520">
      <subfield code="a">This research has been funded by an ASPIRE grant 24N240.</subfield>
   </datafield>
   <datafield ind2=" " ind1=" " tag="520">
      <subfield code="a">Peer Reviewed</subfield>
   </datafield>
   <datafield ind2=" " ind1=" " tag="520">
      <subfield code="a">Postprint (author's final draft)</subfield>
   </datafield>
   <datafield tag="653" ind2=" " ind1=" ">
      <subfield code="a">Àrees temàtiques de la UPC::Enginyeria de la telecomunicació::Radiocomunicació i exploració electromagnètica::Satèl·lits i ràdioenllaços</subfield>
   </datafield>
   <datafield tag="653" ind2=" " ind1=" ">
      <subfield code="a">GNSS-R</subfield>
   </datafield>
   <datafield tag="653" ind2=" " ind1=" ">
      <subfield code="a">Reflectometry</subfield>
   </datafield>
   <datafield tag="653" ind2=" " ind1=" ">
      <subfield code="a">Software Defined Radio (SDR)</subfield>
   </datafield>
   <datafield tag="653" ind2=" " ind1=" ">
      <subfield code="a">GPS</subfield>
   </datafield>
   <datafield tag="653" ind2=" " ind1=" ">
      <subfield code="a">L1 band</subfield>
   </datafield>
   <datafield ind2="0" ind1="0" tag="245">
      <subfield code="a">GNSS-R payload for small satellites: design and optimization using auxiliary information</subfield>
   </datafield>
</record></metadata></record></GetRecord></OAI-PMH>